000 00913cam a22002774a 4500
001 11884301
005 20171222070418.0
008 000107s2000 caua b 001 0 eng c
010 _a 00020094
020 _a0769300731 (softcover : alk. paper)
035 _a(DNLM)100912342
040 _aDNLM/DLC
_cDLC
_dDLC
041 _aeng
042 _apcc
060 1 0 _aWV 500
_bS824v 2000
080 _a616.85.506 STE
082 0 0 _a616.85.506 STE
_221
100 _a4
101 _aSHM
245 0 0 _aVoice therapy :
_cedited by Joseph C. Stemple.
504 _aIncludes bibliographical references and index.
906 _a7
_bcbc
_corignew
_d1
_eocip
_f20
_gy-gencatlg
942 _2ddc
_cBK
999 _c39332
_d39332